000 00517nam a22001577a 4500
003 NUST
038 _aNusrat Nadeem
082 _a200
100 _aAkmal, Maryam
_9131600
245 _aINTERNATIONAL BUSINESS TRIP REPORT ALTINBAS UNIVERSITY & TURKISH AEROSPACE INDUSTRY, TURKEY/
_cAkmal, Maryam
264 _aIslamabad:
_bNBS NUST.
_c2025.
650 _aExecutive MBA 
_9125080
700 _aSupervisor: Ms. Ramia Kiran
_9131601
856 _u http://10.250.8.41:8080/xmlui/handle/123456789/55871
942 _2ddc
_cSC
999 _c615233
_d615233